000 01526nam0a2200301 4500
001 RU\NLR\b_ik\184889
005 20250616230907.0
035 _a(NLR Aleph) 002257408
090 _a3772095
_c3772095
100 _a20100809d2010 |||y0rusy50 ca
101 0 _aeng
102 _aRU
105 _aa |||||||||
200 1 _aReport on the activity of the Flerov laboratory of nuclear reactions in 2003-2009
_ereport to the 107th Session of the JINR scientific council, February 18-19, 2010
_fS.N. Dmitriev, M.G. Itkis
210 _aDubna
_cJoint inst. for nuclear research
_d2010
215 _a40, [1] c.
_cил.
_d22
225 1 _aJoint institute for nuclear research
_v2010-18
313 _aОтчет 2004 г.
320 _aБиблиогр. в конце кн. (82 назв.)
601 0 2 _aОбъединенный институт ядерных исследований
_bЛаборатория ядерных реакций им. Г.Н. Флерова
_cДубна, город; Московская область
_jГодовые отчеты
_xНаучно-исследовательская работа
_91650938
_3RU\NLR\AUTH\661029324
686 1 _aВ383.5е(2)л2-15
700 1 _aDmitriev
_bS. N.
_gSergej Nikolaevič
_4070
701 1 _aItkis
_bM. G.
_gMichail Grigor'evič
_4070
801 0 _aRU
_bNLR
_c20100809
_gRCR
830 _aОтчет за 2003-2009гг. Лаборотории ядерных реакций им. Г.Н. Флерова.
942 _cBOOK
980 _aNB